000 00906nmm a2200277 a 4500
001 ocm000607278
003 TR-IsHL
005 20201028133329.0
008 131121s2008 tu tur
007 cr cn
020 _a9789759044510
035 _a607278
_b(N$T)
050 0 4 _aPK6561.M37
_bU8819 2008
090 0 4 _aPK6561.M37
_bU8819 2008
100 1 _aMesrur, Mustafa
245 1 0 _aCüzzamlı eller ve domuz kemiği
_h[electronic resource] /
_cMustafa Mesrur ; çev. Turgay Şafak
260 _aİstanbul :
_bAğaç Kitabevi Yayınları,
_c2008
300 _a86 p.
650 4 _aDil ve Edebiyat
650 4 _aLanguage and Literature
650 0 _aFarsça roman
650 0 _aPersian fiction
650 7 _aLITERARY COLLECTIONS / Middle Eastern
_2bisacsh
700 1 _aŞafak, Turgay
856 4 0 _uhttp://search.ebscohost.com/login.aspx?direct=true&scope=site&db=e011xww&AN=607278
999 _c5583
_d5583